zpět

Detail výsledku týmu

U Pošty - Vinohrady ČT, Praha

Datum a čas kvízu

35.5 Celkem bodů Celkový počet nahraných bodů na tomto kvízu bez doplňovacích otázek.
4. Pořadí na kvízu Konečné umístění týmu na tomto kvízu.

Zaznamenané odpovědi

# Otázka Odpověď Body Výsledky
1. Minulý týden jsme sledovali po... v Turecku 1
2. Která známá sladká pochutina s... Nutella 1
3. Kterému rapperovi byl zakázán... Kanyemu Westovi 1
4. Kterému živočichovi, jenž pomá... A 1
5. Desátý hráč žebříčku ATP utrpě... Daniil Medveděv 1
6. Vaším prvním úkolem v dnešním... 1B 2C 3A 4D 0
7. Poznejte (parodii na) gangster... Někdo to rád horké (Some Like It Hot) 1
8. Bud Spencer a Terence Hill spo... v Itálii 1
9. Gangster, na kterého se ptáme,... Jabba Hutt 1
10. Uveďte jméno i příjmení postav... John Wick 0